LEADER 01685nam 2200409 450 001 000006222 005 20050718115200.0 010 $a0-534-98003-1 100 $a20001129d1978----km-y0itay0103----ba 101 0 $aeng 102 $aUS 200 1 $aPlant Physiology$fFrank B. Salisbury, Cleon W. Ross 205 $a2. ed. 210 $aBelmont (California)$cWadsworth Publishing Company,Inc.$dc1978 215 $aXI, 422 p.$cill.$d26 cm. 606 $aFisiologia vegetale 676 $a581.1$v(20. ed.)$9Botanica. Fisiologia vegetale 700 1$aSalisbury,$bFrank B$064472 701 1$aRoss,$bCleon W$064473 801 0$aIT$bUniversità della Basilicata - B.I.A.$gRICA$2unimarc 912 $a000006222 996 $aPlant physiology$920191 997 $aUNIBAS BAS $aMONAGR BAS $aMONOGR BAS $aAGRARIA CAT $aVALVANO$b01$c20001129$lBAS01$h1643 CAT $c20050601$lBAS01$h1753 CAT $abatch$b01$c20050718$lBAS01$h1049 CAT $c20050718$lBAS01$h1108 CAT $c20050718$lBAS01$h1138 CAT $c20050718$lBAS01$h1152 FMT Z30 -1$lBAS01$LBAS01$mBOOK$1BASA2$APolo Tecnico-Scientifico$2DID$BDidattica$3PTS.s2.p5.7$623192$5A23192$820001129$f04$FPrestabile Didattica Z30 -1$lBAS01$LBAS01$mBOOK$1BASA2$APolo Tecnico-Scientifico$2DID$BDidattica$3PTS.s2.p5.7A$623193$5A23193$820001129$f04$FPrestabile Didattica Z30 -1$lBAS01$LBAS01$mBOOK$1BASA2$APolo Tecnico-Scientifico$2DID$BDidattica$3PTS.s2.p5.7B$623191$5A23191$820001129$f04$FPrestabile Didattica Z30 -1$lBAS01$LBAS01$mBOOK$1BASA2$APolo Tecnico-Scientifico$2DID$BDidattica$3PTS.s2.p5.7C$623194$5A23194$820001129$f04$FPrestabile Didattica LEADER 01302nam--2200445---450- 001 990002686410203316 005 20070223091432.0 010 $a88-06-17923-3 035 $a000268641 035 $aUSA01000268641 035 $a(ALEPH)000268641USA01 035 $a000268641 100 $a20051117h2005----km-y0itay50------ba 101 1 $aita 102 $aIT 105 $aa|||z|||001yy 200 1 $a<> fine del tempo$ela rivoluzione fisica prossima ventura$fJulian Barbour$gtraduzione di Lorenzo Lilli e Simonetta Frediani 210 $aTorino$cEinaudi$dcopyr. 2005 215 $aXVII, 354 p.$cill.$d21 cm 225 2 $aET saggi$v1367 410 0$12001$aET saggi$v1367 454 1 $12001$a<> end of time$921336 461 1$1001------$12001 606 0 $aSpazio-tempo 606 0 $aTempo 606 0 $aRelatività 676 $a115 676 $a530.11 700 1$aBARBOUR,$bJulian$042738 702 1$aLILLI,$bLorenzo 702 1$aFREDIANI,$bSimonetta 801 0$aIT$bsalbc$gISBD 912 $a990002686410203316 951 $aII.6. 1329(IV C 3952)$b183899 L.M.$cIV C$d00176710 959 $aBK 969 $aUMA 979 $aPECORARO$b90$c20051117$lUSA01$h0953 979 $aCOPAT6$b90$c20070223$lUSA01$h0914 996 $aEnd of time$921336 997 $aUNISA LEADER 01368nam--2200409---450- 001 990003637400203316 005 20120312164300.0 010 $a978-88-387-5994-4 035 $a000363740 035 $aUSA01000363740 035 $a(ALEPH)000363740USA01 035 $a000363740 100 $a20120312d2011----km-y0itay50------ba 101 $aita 102 $aIT 105 $a||||||||001yy 200 1 $a<> responsabilità sportiva e il risarcimento del danno$eratio, commento, giurisprudenza, mappa, formulario$fDamiano Marinelli, Barbara Baccarini 210 $aSantarcangelo di Romagna$cMaggioli$d2011 215 $a167 p.$d24 cm 225 2 $a<> essenziali per l'avvocato$v16 410 0$12001$a<> essenziali per l'avvocato$v, 16 454 1$12001 461 1$1001-------$12001 606 0 $aAtleti$xResponsabilità$2BNCF 676 $a344.45099 700 1$aMARINELLI,$bDamiano$0605709 701 1$aBACCARINI,$bBarbara$0611823 801 0$aIT$bsalbc$gISBD 912 $a990003637400203316 951 $aXXV.1.K. 297$b20082 EC.$cXXV.1.K.$d00308252 959 $aBK 969 $aGIU 979 $aFIORELLA$b90$c20120312$lUSA01$h1639 979 $aFIORELLA$b90$c20120312$lUSA01$h1640 979 $aFIORELLA$b90$c20120312$lUSA01$h1643 996 $aResponsabilità sportiva e il risarcimento del danno$91137837 997 $aUNISA